Statistiques concernant Ne perdez pas le Nord ! - France

Cliquez ici pour prendre le quiz!

Statistiques générales

  • Ce quiz a été pris 35 260 fois
    (34 127 depuis la dernière actualisation)
  • Le résultat moyen est 8 sur 15

Réponses sur la Carte

Les réponses sont colorées sur une échelle allant du rouge au vert en fonction du pourcentage des utilisateurs qui les ont devinées à leur premier essai. Vous pouvez retrouver ces pourcentages ci-dessous.
 

Statistiques - réponses

Réponse% Correct
Lille
78%
Ajaccio
76%
Le Havre
68%
Perpignan
63%
Avignon
57%
Brest
57%
Amiens
54%
Dijon
54%
Marseille
54%
Poitiers
54%
Bordeaux
53%
Orléans
52%
Lyon
50%
Paris
40%
Nice
35%

Distribution des résultats

Percentile par nombre de réponses

% des personnes avec chaque résultat

Votre développement - résultats

Vous n’avez pas pris ce quiz depuis la dernière actualisation